000 00632cgm a22002051 4500
001 0000018472
005 20151217161727.0
007 vf cbahou
008 091122s xx--- vleng d
040 _aKABU
_cKABU
245 0 4 _aThe Pelican brief
_h[videorecording] /
_cWarner Bros.
260 _aLondon :
_bWarner Bros,
_c1993.
300 _a1 videocassette (135 min.) :
_bsd., col ;
_c1/2 in.
538 _aVHS.
700 1 _aWashington, Denzel,
_d1954-.
_@0000049276
700 1 _aRoberts, Julia.
_@0000177743
852 1 _9p450 KES
908 _a091122
950 _@1
999 _c15558
_d15558